Handbuch erziehungswissenschaftliche Biographieforschung

Αποθηκεύτηκε σε:
Λεπτομέρειες βιβλιογραφικής εγγραφής
Κύριος συγγραφέας: Kruger, Heinz-Hermann
Άλλοι συγγραφείς: Marotzki, Winfried
Μορφή: Βιβλίο
Γλώσσα:German
Δημοσίευση: Wiesbaden : Verl. fr Sozialwiss, 2006
Έκδοση:2., berarb. und aktualisierte Aufl.
Θέματα:
Ετικέτες: Προσθήκη ετικέτας
Δεν υπάρχουν, Καταχωρήστε ετικέτα πρώτοι!

MARC

LEADER 00000nam a2200000 i 4500
001 1/41868
008 070302s2006 ger d
020 |a 3-531-14839-7 
035 |l 10087197 
040 |a GR-MY-UA  |b gre  |e aacr 
041 0 |a ger 
082 0 |a 370.09  |2 (22) 
100 1 |a Kruger, Heinz-Hermann. 
245 1 0 |a Handbuch erziehungswissenschaftliche Biographieforschung /  |c Heinz-Hermann Kruger ; Winfried Marotzki 
250 |a 2., berarb. und aktualisierte Aufl. 
260 |a Wiesbaden :   |b Verl. fr Sozialwiss,   |c 2006 
300 |a 528 σ.;  |c 24 εκ. 
504 |a Περιλαμβάνει βιβλιογραφίες 
650 0 0 |a Education  |x Handbooks, manuals etc. 
650 0 0 |a Education  |x Research. 
650 0 0 |a Effective teaching  |x Handbooks, manuals, etc. 
700 1 |a Marotzki, Winfried. 
852 |a INST  |b RHODES  |e 20070302  |h 370.09 KRU  |p 005400026934  |q 005400026934  |t BK  |y 0 
901 |a BIBL4-2007-1 
909 |a Ρ  |b 132122 
920 |a ΑΝΑΜΟΡΦΩΣΗ  |b ΕΠΕΑΕΚ ΙΙ-ΠΤΔΕ  |y ΡΟΔΟΣ  |z 2006-11 
970 |a ΜΙΣΣΟΣ  |b ΣΤΑΥΡΟΣ  |z 2007/03/02